000 01531cam a22003977a 4500
003 CHAP
005 20220817043127.0
008 971013s1986 it r 00010 eng d
010 _a66348
011 _a67320
020 _a9251024405
035 _a76790
040 _cCHAP
082 _a636.08
_bF3y v.59
110 _aFAO
245 1 0 _aAnimal genetic resources data banks
_c/by FAO
260 _aRome :
_bFAO,
_c1986 - 87
300 _av.
490 0 _aFAO. Producción y sanidad animal
_v; 59
500 _aLa biblioteca tiene: Pte.1 Computer systems study for regional data banks. -- Pte.2 Descriptor lists for cattle, buffalo, pigs, sheep and goats. -- Pte.3 Descriptor lists for poultry
590 _aBATCH-UPD
_b10
_c20130110
_lUCH01
_h0114
590 _aBATCH-UPD
_b10
_c20130110
_lUCH01
_h1159
590 _aBATCH-UPD
_b10
_c20130409
_lUCH01
_h2106
590 _aBATCH-UPD
_b10
_c20130410
_lUCH01
_h0741
590 _aBATCH-UPD
_b10
_c20130914
_lUCH01
_h0448
590 _aCONVERSION
_b10
_c20130109
_lUCH01
_h1337
650 1 4 _aAves de corral
_xGenética.
_98650
650 1 4 _aGenética animal.
650 1 4 _aProcesamiento automático de datos en genética.
_991782
830 0 _aFAO. Producción y sanidad animal
_v; 59
_939655
901 _aBK
942 _cLIBRO
949 _a636.08 F33
_bBC
_cFAO
_d-29647
_eFAO1
_fv.1
_h59051
_i76790
_si
949 _a636.08 F3y v.59
_bBC
_cFAO
_d33724002128025
_eFAO1
_fPte.3
_gDonaciØn
_h59053
_i76790
_sb
949 _a636.08 F3y v.59
_bBC
_cFAO
_d33724002128108
_eFAO1
_fPte.2
_h59052
_i76790
_sb
999 _c66348
_d66348